000
00242nam a2200097Ia 4500
008
231212s1985 xx 000 0 und d
041
_a
eng
100
_a
Jones
245
_a
Instrument Technology Vol I
260
_a
New Delhi
_b
D.B.Tarapur
_c
1985
999
_c
960735
_d
960735